Normal view
MARC view
- Kalpakjian, Serope
Entry Personal Name
001 - CONTROL NUMBER
- control field: 87047
003 - CONTROL NUMBER IDENTIFIER
- control field: NUST
005 - DATE AND TIME OF LATEST TRANSACTION
- control field: 20211227161347.0
008 - FIXED-LENGTH DATA ELEMENTS
- fixed length control field: 211227|| aca||aabn | a|a d
040 ## - CATALOGING SOURCE
- Original cataloging agency: NUST
- Transcribing agency: NUST
100 ## - HEADING--PERSONAL NAME
- Personal name: Kalpakjian, Serope
670 ## - SOURCE DATA FOUND
- Source citation: Work cat.: (NUST)32017: Kalpakjian, Serope, Manufacturing Processes for Engineering Materials /, 2009.
